Offizielle Sprachen #2 - Statistiken

Allgemein
  • Dieses Quiz wurde 207 mal gespielt
  • Das Durchschnittsergebnis liegt bei 23 aus 38
Antwortstatistiken
Hint Antwort % Korrekt
Italienisch Italien
99%
Mandarin-Chinesisch China
95%
Kroatisch Kroatien
94%
Niederländisch Niederlande
94%
Slowakisch Slowakei
94%
Albanisch Albanien
93%
Griechisch Griechenland
93%
Persisch Iran
86%
Niederländisch Belgien
82%
Kroatisch Bosnien und Herzegowina
82%
Italienisch Vatikan-Stadt
82%
Italienisch San Marino
81%
Albanisch Kosovo
79%
Italienisch Schweiz
75%
Griechisch Zypern
75%
Slowakisch Tschechien
74%
Mandarin-Chinesisch Taiwan
66%
Persisch Afghanistan
63%
Sotho Südafrika
62%
Berberisch Algerien
59%
Suaheli Kenia
58%
Sotho Lesotho
55%
Berberisch Marokko
55%
Suaheli Tansania
52%
Suaheli Demokratische Republik Kongo
48%
Suaheli Uganda
47%
Niederländisch Suriname
38%
Hausa Niger
36%
Hausa Nigeria
35%
Mandarin-Chinesisch Singapur
34%
Gbe Ghana
28%
Chichewa Simbabwe
28%
Chichewa Malawi
26%
Wolof Senegal
26%
Gbe Togo
26%
Gbe Benin
23%
Persisch Tadschikistan
23%
Wolof Mauretanien
22%
Keine übereinstimmenden Quizze gefunden
Verteilung der Resultate
Anzahl Personen mit jedem Resultat
Perzentil nach korrekt beantworteten Fragen
Ihre Resultats-Entwicklung
Sie haben dieses Quiz noch nicht gespielt